<?xml version="1.0" encoding="UTF-8"?>
<record
    xmlns:xsi="http://www.w3.org/2001/XMLSchema-instance"
    xsi:schemaLocation="http://www.loc.gov/MARC21/slim http://www.loc.gov/standards/marcxml/schema/MARC21slim.xsd"
    xmlns="http://www.loc.gov/MARC21/slim">

  <leader>00995nam a22002657a 4500</leader>
  <controlfield tag="003">OSt</controlfield>
  <controlfield tag="005">20150609171525.0</controlfield>
  <controlfield tag="008">150528s2015    spc|||| -|||||0|| | cat|d</controlfield>
  <datafield tag="020" ind1=" " ind2=" ">
    <subfield code="a">9788498506785</subfield>
  </datafield>
  <datafield tag="040" ind1=" " ind2=" ">
    <subfield code="b">cat</subfield>
    <subfield code="c">CDMR</subfield>
  </datafield>
  <datafield tag="245" ind1="0" ind2="0">
    <subfield code="a">Butifarra! </subfield>
    <subfield code="b">: el c&#xF2;mic dels barris (1975-1987) </subfield>
    <subfield code="c">textos, coordinaci&#xF3; i selecci&#xF3; de material Pepe G&#xE1;lvez i Llu&#xED;s Recasens</subfield>
  </datafield>
  <datafield tag="260" ind1=" " ind2=" ">
    <subfield code="a">Barcelona </subfield>
    <subfield code="b">Ajuntament de Barcelona ; Federaci&#xF3; d'Associacions de Ve&#xEF;ns de Barcelona (FAVB),</subfield>
    <subfield code="c">2015</subfield>
  </datafield>
  <datafield tag="300" ind1=" " ind2=" ">
    <subfield code="a">261 p. </subfield>
    <subfield code="b">il. col. </subfield>
    <subfield code="c">27 cm</subfield>
  </datafield>
  <datafield tag="630" ind1="0" ind2="4">
    <subfield code="a">Butifarra (Revista)</subfield>
  </datafield>
  <datafield tag="630" ind1="0" ind2="4">
    <subfield code="a">Papus (Revista) </subfield>
  </datafield>
  <datafield tag="650" ind1=" " ind2="4">
    <subfield code="a">Barris</subfield>
    <subfield code="z">Barcelona</subfield>
    <subfield code="x">Hist&#xF2;ria</subfield>
  </datafield>
  <datafield tag="650" ind1="0" ind2="0">
    <subfield code="a">Premsa sat&#xED;rica</subfield>
    <subfield code="9">3164</subfield>
  </datafield>
  <datafield tag="650" ind1="0" ind2="0">
    <subfield code="a">Humorisme gr&#xE0;fic</subfield>
    <subfield code="x">Hist&#xF2;ria</subfield>
    <subfield code="9">3162</subfield>
  </datafield>
  <datafield tag="651" ind1=" " ind2="4">
    <subfield code="a">Barcelona</subfield>
    <subfield code="x">Hist&#xF2;ria</subfield>
    <subfield code="y">1975/1987</subfield>
  </datafield>
  <datafield tag="700" ind1="1" ind2=" ">
    <subfield code="a">G&#xE1;lvez, Pepe,</subfield>
    <subfield code="d">1950-</subfield>
  </datafield>
  <datafield tag="700" ind1="1" ind2=" ">
    <subfield code="a">Garc&#xED;a Avil&#xE9;s, Jos&#xE9; Alberto</subfield>
    <subfield code="d">1950-</subfield>
    <subfield code="9">3420</subfield>
  </datafield>
  <datafield tag="710" ind1="1" ind2=" ">
    <subfield code="a">Barcelona (Catalunya).</subfield>
    <subfield code="b">Ajuntament</subfield>
  </datafield>
  <datafield tag="710" ind1="2" ind2=" ">
    <subfield code="a">Federaci&#xF3; d'Associacions de Ve&#xEF;ns de Barcelona</subfield>
  </datafield>
  <datafield tag="942" ind1=" " ind2=" ">
    <subfield code="c">MON</subfield>
  </datafield>
  <datafield tag="999" ind1=" " ind2=" ">
    <subfield code="c">6869</subfield>
    <subfield code="d">6869</subfield>
  </datafield>
  <datafield tag="952" ind1=" " ind2=" ">
    <subfield code="0">0</subfield>
    <subfield code="1">0</subfield>
    <subfield code="4">0</subfield>
    <subfield code="7">0</subfield>
    <subfield code="a">CDMR</subfield>
    <subfield code="b">CDMR</subfield>
    <subfield code="d">2015-06-09</subfield>
    <subfield code="e">Donaci&#xF3;</subfield>
    <subfield code="g">39.94</subfield>
    <subfield code="l">1</subfield>
    <subfield code="o">Du 10.2/ 14 </subfield>
    <subfield code="p">CDMR15061616</subfield>
    <subfield code="r">2025-07-30</subfield>
    <subfield code="s">2025-07-09</subfield>
    <subfield code="v">39.94</subfield>
    <subfield code="w">2015-06-09</subfield>
    <subfield code="y">MON</subfield>
  </datafield>
</record>
